00661nam a2200181 a 450000100100000000500170001000800410002704000250006810000240009324500690011726000440018630000270023049000260025771000410028383000330032495201050035799900170046200004583920201002052456.0150519s2015 dr a 000 0 spa d aDO-SdBNPbspacBNPHU1 aLenin, V. I.94579710a¿Ningún compromiso? :b35 aniversario del PCT /cV. I. Lenin. aSanto Domingo :bPCT,c2015.fMediabyte a24 p. :bil. ;c22 cm.1 aTriunfo comunistav361 aPartido Comunista del Trabajo973916 0aTriunfo comunistan36973917 0010718PDaPDbPDcHDd2015-05-19iLF1l0o p45839-10r2020-06-25w2020-06-25yLFPDZNo se presta c45328d45328